[Event "24. Torneo Colllado Villalba"]
[Site "Collado Villalba ESP"]
[Date "2007.08.24"]
[Round "2.1"]
[White "Teske, Henrik"]
[Black "Cao Armillas, Jesus"]
[Result "1-0"]
[WhiteElo "2578"]
[BlackElo "2153"]
[PlyCount "77"]
[EventDate "2007.08.23"]
[EventType "swiss"]
[EventRounds "9"]
[EventCountry "ESP"]
[Source "lmi"]
[SourceDate "2007.08.23"]

1. e4 e6 2. d4 d5 3. Nc3 Bb4 4. Bd3 Nc6 5. Nge2 Nf6 6. e5 Nd7 7. O-O f5 8. Nf4
Nf8 9. Qh5+ g6 10. Qh6 Rg8 11. Nce2 Qd7 12. Nh3 Nd8 13. c4 Nf7 14. Qe3 Be7 15.
cxd5 exd5 16. Nef4 c6 17. Bd2 Qd8 18. Qe1 Be6 19. b4 Ng5 20. Nxg5 Bxg5 21. b5
Rg7 22. bxc6 bxc6 23. Rc1 Qb6 24. Ne2 Bxd2 25. Qxd2 Rc8 26. Rc3 Nd7 27. Rb1 Qc7
28. h4 Rb8 29. Rbc1 Rb6 30. Qh6 Re7 31. h5 Nf8 32. Nf4 Bf7 33. Bb5 Rxb5 34.
Rxc6 Rb7 35. Rxc7 Rbxc7 36. Rxc7 Rxc7 37. hxg6 hxg6 38. Qh8 Re7 39. a4 1-0

[Event "24. Torneo Colllado Villalba"]
[Site "Collado Villalba ESP"]
[Date "2007.08.24"]
[Round "2.2"]
[White "Cruz Condori, Alfredo"]
[Black "Suba, Mihai"]
[Result "1/2-1/2"]
[WhiteElo "2149"]
[BlackElo "2525"]
[PlyCount "73"]
[EventDate "2007.08.23"]
[EventType "swiss"]
[EventRounds "9"]
[EventCountry "ESP"]
[Source "lmi"]
[SourceDate "2007.08.23"]

1. c4 Nf6 2. b4 e5 3. a3 a5 4. b5 Bc5 5. e3 O-O 6. Bb2 Re8 7. Nf3 e4 8. d4 Bf8
9. Nfd2 d5 10. Nc3 c5 11. bxc6 bxc6 12. c5 Ng4 13. Be2 Qh4 14. g3 Qh3 15. Bf1
Qh6 16. Be2 f5 17. Na4 Nd7 18. Bc3 Be7 19. Nb3 Bd8 20. Qd2 Nxh2 21. O-O-O Nf6
22. Kc2 Nfg4 23. Bxg4 fxg4 24. Nb6 a4 25. Nxa8 axb3+ 26. Kb2 Ba6 27. Nb6 Bxb6
28. cxb6 Rb8 29. Bb4 Rxb6 30. Bc5 Rb8 31. Qa5 Be2 32. Qc7 Re8 33. Qd7 Ra8 34.
Rd2 Bf3 35. Qb7 Re8 36. Qd7 Ra8 37. Rc1 1/2-1/2

[Event "24. Torneo Colllado Villalba"]
[Site "Collado Villalba ESP"]
[Date "2007.08.24"]
[Round "2.3"]
[White "Lazarev, Vladimir"]
[Black "Huguet Mainar, Sergio"]
[Result "1-0"]
[WhiteElo "2498"]
[BlackElo "2134"]
[PlyCount "65"]
[EventDate "2007.08.23"]
[EventType "swiss"]
[EventRounds "9"]
[EventCountry "ESP"]
[Source "lmi"]
[SourceDate "2007.08.23"]

1. Nf3 Nf6 2. c4 c5 3. d4 cxd4 4. Nxd4 e5 5. Nb5 d6 6. Bg5 Be6 7. Bxf6 gxf6 8.
e3 Nc6 9. N5c3 Bg7 10. Nd5 O-O 11. Nbc3 Ne7 12. Be2 f5 13. O-O Ng6 14. Kh1 f4
15. Nb5 fxe3 16. fxe3 Bxd5 17. Qxd5 Qb6 18. Nxd6 Ne7 19. Qd1 Rad8 20. c5 Qxc5
21. Nxb7 Rxd1 22. Nxc5 Rd2 23. Bc4 Rc2 24. b3 Rd2 25. Ne4 Rd7 26. Ng5 Ng6 27.
Rad1 Rxd1 28. Rxd1 Bh6 29. h4 Nxh4 30. Nxf7 Bxe3 31. Rd7 Kg7 32. Nxe5+ Kf6 33.
Ng4+ 1-0

[Event "24. Torneo Colllado Villalba"]
[Site "Collado Villalba ESP"]
[Date "2007.08.24"]
[Round "2.4"]
[White "Babaev, Rashad"]
[Black "Erice Alonso, Santiago"]
[Result "1-0"]
[WhiteElo "2488"]
[BlackElo "2131"]
[PlyCount "35"]
[EventDate "2007.08.23"]
[EventType "swiss"]
[EventRounds "9"]
[EventCountry "ESP"]
[Source "lmi"]
[SourceDate "2007.08.23"]

1. e4 c5 2. Nf3 d6 3. d4 cxd4 4. Nxd4 Nf6 5. Nc3 e5 6. Bb5+ Nbd7 7. Nf5 a6 8.
Bxd7+ Qxd7 9. Ne3 Qc6 10. O-O Be6 11. Qd3 Rc8 12. Ncd5 Bxd5 13. exd5 Qd7 14. a4
Be7 15. Nf5 O-O 16. c4 h6 17. Bxh6 gxh6 18. Qg3+ 1-0

[Event "24. Torneo Colllado Villalba"]
[Site "Collado Villalba ESP"]
[Date "2007.08.24"]
[Round "2.5"]
[White "San Juan Rodriguez, Miguel"]
[Black "Moreno Ruiz, Javier"]
[Result "0-1"]
[WhiteElo "2100"]
[BlackElo "2466"]
[PlyCount "70"]
[EventDate "2007.08.23"]
[EventType "swiss"]
[EventRounds "9"]
[EventCountry "ESP"]
[Source "lmi"]
[SourceDate "2007.08.23"]

1. e4 c5 2. Nc3 Nc6 3. f4 g6 4. Nf3 Bg7 5. Bb5 Nd4 6. Bd3 d6 7. Nxd4 cxd4 8.
Ne2 Nf6 9. O-O O-O 10. Qe1 e5 11. Qg3 d5 12. fxe5 Nxe4 13. Qf4 Qc7 14. Bxe4
Bxe5 15. Qf2 dxe4 16. Nxd4 Bxh2+ 17. Kh1 Bg3 18. Qe3 Qe5 19. Kg1 Bh2+ 20. Kf2
Bf4 21. Qc3 Qg5 22. Ne2 Qh4+ 23. g3 Qh2+ 24. Ke1 Bh6 25. Rf2 Qh1+ 26. Rf1 Qh3
27. Nf4 Qd7 28. Qe3 Bg7 29. c4 b5 30. Nd5 f5 31. Qc5 Bb7 32. Qc7 Rf7 33. Qxd7
Rxd7 34. Ne3 bxc4 35. Nxc4 Ba6 0-1

[Event "24. Torneo Colllado Villalba"]
[Site "Collado Villalba ESP"]
[Date "2007.08.24"]
[Round "2.6"]
[White "Guliev, Logman"]
[Black "Gago Padreny, Ignacio"]
[Result "1-0"]
[WhiteElo "2454"]
[BlackElo "2124"]
[PlyCount "41"]
[EventDate "2007.08.23"]
[EventType "swiss"]
[EventRounds "9"]
[EventCountry "ESP"]
[Source "lmi"]
[SourceDate "2007.08.23"]

1. e4 c5 2. Nf3 d6 3. d4 cxd4 4. Nxd4 Nf6 5. Nc3 a6 6. f4 e5 7. Nf3 Nbd7 8. Bd3
Be7 9. O-O O-O 10. Kh1 b5 11. a3 Bb7 12. Nh4 d5 13. exd5 e4 14. Bxb5 Ne8 15.
Bc6 Bxh4 16. Bxb7 Ra7 17. Bc6 Nd6 18. Qd4 Rc7 19. Nxe4 Nf5 20. Qd3 Nb6 21. Bd2
1-0

[Event "24. Torneo Colllado Villalba"]
[Site "Collado Villalba ESP"]
[Date "2007.08.24"]
[Round "2.7"]
[White "Sanchez Gonzalez, Sergio"]
[Black "Saldaño Dayer, Horacio"]
[Result "0-1"]
[WhiteElo "2098"]
[BlackElo "2451"]
[PlyCount "120"]
[EventDate "2007.08.23"]
[EventType "swiss"]
[EventRounds "9"]
[EventCountry "ESP"]
[Source "lmi"]
[SourceDate "2007.08.23"]

1. e4 e6 2. d4 d5 3. Nc3 Nf6 4. Bg5 Bb4 5. e5 h6 6. Bd2 Bxc3 7. bxc3 Ne4 8. Bd3
Nxd2 9. Qxd2 c5 10. Nf3 O-O 11. O-O c4 12. Be2 Nc6 13. g3 f6 14. h4 Bd7 15.
exf6 Qxf6 16. Qe3 Be8 17. Ne5 Nxe5 18. dxe5 Qf5 19. Rac1 Bg6 20. Qd4 h5 21. f3
b5 22. Kh2 a5 23. a3 Rfb8 24. Rg1 Rf8 25. Rg2 Qf7 26. Rb1 Rab8 27. Rc1 Qe7 28.
Qd2 Rf5 29. f4 Rff8 30. Qe1 b4 31. cxb4 axb4 32. axb4 Qxb4 33. c3 Qe7 34. Bf3
Rb3 35. Qd1 Qf7 36. Qd4 Rfb8 37. Ra1 Bf5 38. Ra7 Qg6 39. Bd1 Rb1 40. Raa2 Be4
41. Bc2 Bxc2 42. Raxc2 Qg4 43. Qf2 Re1 44. Rb2 Rb3 45. Qc2 Rxb2 46. Qxb2 Qg6
47. Qb6 Kh7 48. Qb2 Qb1 49. Qxb1+ Rxb1 50. Rc2 Kg6 51. Kg2 Kf5 52. Kf3 Rb3 53.
Ke3 Rb1 54. Ra2 Rd1 55. Ra7 Rd3+ 56. Kf2 Rxc3 57. Rxg7 d4 58. Rd7 Ke4 59. g4
hxg4 60. h5 Rh3 0-1

[Event "24. Torneo Colllado Villalba"]
[Site "Collado Villalba ESP"]
[Date "2007.08.24"]
[Round "2.8"]
[White "Roa Alonso, Santiago"]
[Black "Torres Samper, Rafael"]
[Result "1-0"]
[WhiteElo "2445"]
[BlackElo "2099"]
[PlyCount "51"]
[EventDate "2007.08.23"]
[EventType "swiss"]
[EventRounds "9"]
[EventCountry "ESP"]
[Source "lmi"]
[SourceDate "2007.08.23"]

1. e4 c5 2. Nf3 d6 3. c3 Nf6 4. h3 Nc6 5. Bd3 e6 6. O-O Be7 7. Re1 Qc7 8. Bc2
Bd7 9. d4 cxd4 10. cxd4 Nb4 11. Bb3 d5 12. e5 Ne4 13. a3 Nc6 14. Bc2 f5 15.
exf6 gxf6 16. Bxe4 dxe4 17. Rxe4 O-O-O 18. Nc3 Rhg8 19. Rh4 Rg7 20. Bh6 Rg6 21.
Bf4 e5 22. Bg3 f5 23. Rxh7 f4 24. Nd5 Qd6 25. dxe5 Nxe5 26. Nxe7+ 1-0

[Event "24. Torneo Colllado Villalba"]
[Site "Collado Villalba ESP"]
[Date "2007.08.24"]
[Round "2.9"]
[White "Quintero Torres, Pedro"]
[Black "Barria Zuñiga, Daniel"]
[Result "0-1"]
[WhiteElo "2084"]
[BlackElo "2427"]
[PlyCount "78"]
[EventDate "2007.08.23"]
[EventType "swiss"]
[EventRounds "9"]
[EventCountry "ESP"]
[Source "lmi"]
[SourceDate "2007.08.23"]

1. d4 Nf6 2. Nf3 e6 3. g3 b5 4. Bg2 Bb7 5. O-O Be7 6. c3 O-O 7. Qb3 a6 8. Ne5
Bxg2 9. Kxg2 d6 10. Nf3 Nbd7 11. a4 c6 12. Bg5 h6 13. Bxf6 Nxf6 14. Nbd2 Qc7
15. e4 Rab8 16. axb5 axb5 17. Ra6 Ra8 18. Rfa1 Rxa6 19. Rxa6 Rb8 20. Qa2 Bf8
21. Ra7 Rb7 22. Ra8 Nd7 23. Qa5 Nb6 24. Ra6 Na4 25. Nb3 Nxb2 26. Qxc7 Rxc7 27.
Na5 c5 28. Rb6 Na4 29. Rxb5 Nxc3 30. Rb8 Nxe4 31. dxc5 Rxc5 32. Nb3 Rc2 33.
Nfd4 Rxf2+ 34. Kg1 Rb2 35. Nc6 g5 36. Rb4 d5 37. Rb8 Kg7 38. Rb7 Nc5 39. Nxc5
Bxc5+ 0-1

[Event "24. Torneo Colllado Villalba"]
[Site "Collado Villalba ESP"]
[Date "2007.08.24"]
[Round "2.10"]
[White "Minzer, Claudio Javier"]
[Black "Colet Fernandez, Josep"]
[Result "1-0"]
[WhiteElo "2410"]
[BlackElo "2096"]
[PlyCount "83"]
[EventDate "2007.08.23"]
[EventType "swiss"]
[EventRounds "9"]
[EventCountry "ESP"]
[Source "lmi"]
[SourceDate "2007.08.23"]

1. Nf3 d5 2. c4 e6 3. d4 c5 4. cxd5 exd5 5. Bg5 Qb6 6. Nc3 cxd4 7. Qxd4 Be6 8.
Qxb6 axb6 9. e3 Bb4 10. Bb5+ Nd7 11. O-O f6 12. Bf4 Ne7 13. Rfc1 Kf7 14. Nd4
Bxc3 15. Rxc3 Rhc8 16. Bc7 Ne5 17. Bxb6 Rxc3 18. bxc3 Ra3 19. Nb3 Bd7 20. Be2
N7c6 21. Bc5 Ra8 22. a3 Bf5 23. Bb4 Bc2 24. Nd4 Nxd4 25. cxd4 Nc6 26. Bc5 Na5
27. Rc1 Ba4 28. Bb4 Bc6 29. Rc5 Nb3 30. Rc3 Na5 31. f3 f5 32. Kf2 Ke6 33. h4 g6
34. Kg3 h6 35. Bd3 Kf6 36. Kf2 g5 37. hxg5+ hxg5 38. Rc1 g4 39. Kg3 gxf3 40.
gxf3 Rg8+ 41. Kf4 Nb3 42. Rb1 1-0

[Event "24. Torneo Colllado Villalba"]
[Site "Collado Villalba ESP"]
[Date "2007.08.24"]
[Round "2.11"]
[White "Martinez Ramon, Senen"]
[Black "Ortiz Suarez, Isam"]
[Result "0-1"]
[WhiteElo "2072"]
[BlackElo "2390"]
[PlyCount "102"]
[EventDate "2007.08.23"]
[EventType "swiss"]
[EventRounds "9"]
[EventCountry "ESP"]
[Source "lmi"]
[SourceDate "2007.08.23"]

1. c4 g6 2. Nc3 c5 3. g3 Bg7 4. Bg2 Nc6 5. d3 e6 6. e3 Nge7 7. Nge2 O-O 8. O-O
d6 9. a3 Rb8 10. Rb1 a5 11. b3 b6 12. Bb2 Bb7 13. Nb5 e5 14. d4 cxd4 15. exd4
d5 16. dxe5 Nxe5 17. Nf4 dxc4 18. bxc4 Bxg2 19. Nxg2 Qxd1 20. Rfxd1 Nxc4 21.
Bxg7 Kxg7 22. Rd7 Nc6 23. Rc1 N6e5 24. Rc7 Rfc8 25. Rxc8 Rxc8 26. Ne3 Rc5 27.
Nxc4 Nxc4 28. a4 Nb2 29. Rxc5 bxc5 30. Nc3 c4 31. Kg2 Kf6 32. Kf3 Ke5 33. Ke3
g5 34. h3 h5 35. f3 h4 36. f4+ gxf4+ 37. gxf4+ Kf5 38. Kf3 Nd3 39. Ne2 c3 40.
Nd4+ Kf6 41. Ke3 Nc5 42. Nc6 c2 43. Kd2 Kf5 44. Nxa5 Kxf4 45. Nc4 Nxa4 46. Kxc2
Kg3 47. Kd3 Kxh3 48. Ke4 Kg3 49. Ne3 h3 50. Kf5 Nc3 51. Kf6 Nd5+ 0-1

[Event "24. Torneo Colllado Villalba"]
[Site "Collado Villalba ESP"]
[Date "2007.08.24"]
[Round "2.12"]
[White "Gallardo Garcia, Andres"]
[Black "Monmeneu Chulia, Vicente J"]
[Result "1-0"]
[WhiteElo "2352"]
[BlackElo "2078"]
[PlyCount "31"]
[EventDate "2007.08.23"]
[EventType "swiss"]
[EventRounds "9"]
[EventCountry "ESP"]
[Source "lmi"]
[SourceDate "2007.08.23"]

1. e4 e6 2. d4 d5 3. e5 c5 4. c3 Bd7 5. Nf3 Nc6 6. Be2 Nh6 7. Na3 cxd4 8. cxd4
Nf5 9. Nc2 a5 10. O-O Be7 11. Bd3 O-O 12. g4 Nh4 13. Nxh4 Bxh4 14. f4 h6 15. g5
f6 16. exf6 1-0

[Event "24. Torneo Colllado Villalba"]
[Site "Collado Villalba ESP"]
[Date "2007.08.24"]
[Round "2.13"]
[White "Garcia Galeote, Lorenzo"]
[Black "Granero Roca, Antonio"]
[Result "0-1"]
[WhiteElo "2062"]
[BlackElo "2348"]
[PlyCount "70"]
[EventDate "2007.08.23"]
[EventType "swiss"]
[EventRounds "9"]
[EventCountry "ESP"]
[Source "lmi"]
[SourceDate "2007.08.23"]

1. d4 Nf6 2. c4 g6 3. Nc3 Bg7 4. e4 d6 5. Nge2 O-O 6. Ng3 Nbd7 7. Be2 a6 8. h3
c5 9. d5 b5 10. O-O bxc4 11. f4 Rb8 12. a4 Ne8 13. Bxc4 Rb4 14. Qe2 Qa5 15. Na2
Rb8 16. Bd2 Qc7 17. Bc3 Nb6 18. a5 Nxc4 19. Qxc4 Bd7 20. Bxg7 Nxg7 21. Qc3 Rb5
22. b4 Rc8 23. Rfc1 Qb7 24. bxc5 Rcxc5 25. Qe1 Rxa5 26. Nb4 Rxa1 27. Rxa1 Bb5
28. e5 Rc4 29. Ne4 Qb6+ 30. Kh2 Qd4 31. Nc6 Qxe4 32. Qa5 Qxf4+ 33. Kh1 Rc1+ 34.
Rxc1 Qxc1+ 35. Kh2 Bxc6 0-1

[Event "24. Torneo Colllado Villalba"]
[Site "Collado Villalba ESP"]
[Date "2007.08.24"]
[Round "2.14"]
[White "Madina Yadarola, Martin"]
[Black "Esquivias Gomez, Francisco Javier"]
[Result "1-0"]
[WhiteElo "2344"]
[BlackElo "2060"]
[PlyCount "83"]
[EventDate "2007.08.23"]
[EventType "swiss"]
[EventRounds "9"]
[EventCountry "ESP"]
[Source "lmi"]
[SourceDate "2007.08.23"]

1. e4 d5 2. exd5 Nf6 3. Be2 Nxd5 4. d4 Bf5 5. a3 e6 6. c4 Nb6 7. Nc3 Be7 8. Nf3
O-O 9. O-O Bf6 10. Be3 Nc6 11. h3 h6 12. b4 Qd7 13. Ra2 Rfd8 14. Rd2 Qe7 15. c5
Nd5 16. Nxd5 Rxd5 17. b5 Na5 18. Qa4 b6 19. Nh2 Rad8 20. Bf3 R5d7 21. Ng4 e5
22. d5 e4 23. d6 cxd6 24. Nxf6+ Qxf6 25. c6 exf3 26. cxd7 fxg2 27. Kxg2 Bxd7
28. Rfd1 Be6 29. Qf4 Qxf4 30. Bxf4 d5 31. Rc2 Rd7 32. Rc7 Rxc7 33. Bxc7 Nc4 34.
a4 Bc8 35. Kg3 Bb7 36. Bb8 a6 37. bxa6 Bxa6 38. Rxd5 Nb2 39. Rd4 Nc4 40. Bc7 b5
41. Rd8+ Kh7 42. Ra8 1-0

[Event "24. Torneo Colllado Villalba"]
[Site "Collado Villalba ESP"]
[Date "2007.08.24"]
[Round "2.15"]
[White "Tejedo Meneses, Alvaro"]
[Black "Elissalt Cardenas, Hector"]
[Result "0-1"]
[WhiteElo "2056"]
[BlackElo "2329"]
[PlyCount "58"]
[EventDate "2007.08.23"]
[EventType "swiss"]
[EventRounds "9"]
[EventCountry "ESP"]
[Source "lmi"]
[SourceDate "2007.08.23"]

1. e4 e6 2. d4 d5 3. Nc3 Nc6 4. e5 f6 5. exf6 Qxf6 6. Nf3 a6 7. Bd3 Bd6 8. O-O
Nge7 9. Bg5 Qf7 10. Bxe7 Bxe7 11. Qd2 h6 12. Nd1 O-O 13. c3 Bd7 14. Ne3 Bd6 15.
Qc2 Qf4 16. Be2 Rae8 17. g3 Qf7 18. Rad1 e5 19. dxe5 Nxe5 20. Nxe5 Rxe5 21. c4
Bh3 22. Ng2 Bc5 23. cxd5 Bxf2+ 24. Kh1 Rxd5 25. Rxd5 Qxd5 26. Rg1 b5 27. Qd1
Qb7 28. Bd3 Bxg1 29. Qxg1 Qf3 0-1

[Event "24. Torneo Colllado Villalba"]
[Site "Collado Villalba ESP"]
[Date "2007.08.24"]
[Round "2.16"]
[White "Sanchez Delgado, Lidia"]
[Black "Mazzilli, Piero"]
[Result "0-1"]
[WhiteElo "2053"]
[BlackElo "2305"]
[PlyCount "118"]
[EventDate "2007.08.23"]
[EventType "swiss"]
[EventRounds "9"]
[EventCountry "ESP"]
[Source "lmi"]
[SourceDate "2007.08.23"]

1. e4 c5 2. Nf3 d6 3. d4 cxd4 4. Nxd4 Nf6 5. Nc3 a6 6. Bg5 e6 7. f4 h6 8. Bh4
Be7 9. Qf3 Qc7 10. O-O-O Nbd7 11. Bd3 g5 12. fxg5 Ne5 13. Qe2 Nfg4 14. Nf3 Nxf3
15. Qxf3 Ne5 16. Qf2 hxg5 17. Bg3 Bd7 18. Rdf1 f6 19. h4 gxh4 20. Bxh4 O-O-O
21. Be2 Rh6 22. Bg3 Rdh8 23. Rxh6 Rxh6 24. Bxe5 dxe5 25. Qg3 Rh8 26. Nd1 Bc6
27. Qg4 Kb8 28. Bc4 f5 29. Qg7 Rf8 30. Bxe6 Bxe4 31. Nc3 Qd6 32. Bb3 Bc6 33.
Nd5 Bxd5 34. Bxd5 Qxd5 35. Qxe7 Rd8 36. a3 f4 37. Kb1 Rd6 38. Re1 Re6 39. Qf8+
Ka7 40. Qf5 Re7 41. Qg4 Qd2 42. Rd1 Qf2 43. Qf3 Qh4 44. Qc3 Re8 45. Rd7 Qh1+
46. Ka2 Qxg2 47. Qc5+ Ka8 48. Re7 Rxe7 49. Qc8+ Ka7 50. Qc5+ Kb8 51. Qxe7 Qd5+
52. b3 f3 53. a4 e4 54. c4 Qd2+ 55. Ka3 Qd4 56. c5 f2 57. c6 Qa1+ 58. Kb4 a5+
59. Kxa5 Qc3+ 0-1

[Event "24. Torneo Colllado Villalba"]
[Site "Collado Villalba ESP"]
[Date "2007.08.24"]
[Round "2.17"]
[White "Solaesa Navalpotro, Luis Julio"]
[Black "Lobato Lavin, Alvaro"]
[Result "1-0"]
[WhiteElo "2291"]
[BlackElo "2055"]
[PlyCount "61"]
[EventDate "2007.08.23"]
[EventType "swiss"]
[EventRounds "9"]
[EventCountry "ESP"]
[Source "lmi"]
[SourceDate "2007.08.23"]

1. d4 Nf6 2. Nf3 g6 3. c4 Bg7 4. Nc3 c5 5. d5 e6 6. e4 exd5 7. cxd5 d6 8. Bd3
O-O 9. h3 b5 10. Nxb5 Nxe4 11. O-O a6 12. Na3 Nf6 13. Nc4 Bb7 14. Bf4 Nbd7 15.
Bxd6 Re8 16. Ne3 Nxd5 17. Nxd5 Bxd5 18. Be2 Be6 19. Qd2 Qb6 20. Rac1 Qxb2 21.
Rc2 Qb6 22. Ng5 Rac8 23. Nxe6 Rxe6 24. Bf4 Nf6 25. Bc4 Rd8 26. Qc1 Ree8 27. Qa3
Ne4 28. Qxa6 Qxa6 29. Bxa6 Bd4 30. Bb5 Re7 31. Re1 1-0

[Event "24. Torneo Colllado Villalba"]
[Site "Collado Villalba ESP"]
[Date "2007.08.24"]
[Round "2.18"]
[White "Castejon Caballero, Andres"]
[Black "Rubio Mejia, Luis Ignacio"]
[Result "0-1"]
[WhiteElo "2038"]
[BlackElo "2270"]
[PlyCount "92"]
[EventDate "2007.08.23"]
[EventType "swiss"]
[EventRounds "9"]
[EventCountry "ESP"]
[Source "lmi"]
[SourceDate "2007.08.23"]

1. e4 c5 2. Nf3 d6 3. Bb5+ Bd7 4. Bxd7+ Qxd7 5. c4 Nc6 6. Nc3 g6 7. O-O Bg7 8.
d3 Nf6 9. h3 O-O 10. Be3 Rac8 11. Nh2 e6 12. g4 Ne8 13. f4 f5 14. Nf3 Nd4 15.
gxf5 exf5 16. Nd5 Nc7 17. Bxd4 cxd4 18. Nxc7 Rxc7 19. Nd2 fxe4 20. Nxe4 Qxh3
21. Qf3 Qh4 22. Ng5 Rc5 23. Qh1 Rxf4 24. Qxh4 Rxh4 25. Ne4 Rg4+ 26. Kf2 Rf5+
27. Ke2 Rg2+ 28. Rf2 Rgxf2+ 29. Nxf2 h5 30. Ne4 Be5 31. Rg1 Kh7 32. Rf1 Rxf1
33. Kxf1 Kg7 34. Kg2 Kf7 35. Kf3 Ke6 36. b4 Kf5 37. a4 g5 38. a5 g4+ 39. Kf2
Ke6 40. Nd2 d5 41. c5 a6 42. b5 axb5 43. c6 bxc6 44. a6 Bb8 45. Nb3 Kd6 46. Kg2
Ba7 0-1

[Event "24. Torneo Colllado Villalba"]
[Site "Collado Villalba ESP"]
[Date "2007.08.24"]
[Round "2.19"]
[White "Rodriguez Gonzalez, Javier"]
[Black "Picon Rodriguez, Jose"]
[Result "1-0"]
[WhiteElo "2261"]
[BlackElo "2042"]
[PlyCount "63"]
[EventDate "2007.08.23"]
[EventType "swiss"]
[EventRounds "9"]
[EventCountry "ESP"]
[Source "lmi"]
[SourceDate "2007.08.23"]

1. d4 Nf6 2. Bg5 e6 3. e4 h6 4. Bxf6 Qxf6 5. Nc3 d6 6. Qd2 g5 7. Nge2 Bg7 8. g3
Nc6 9. O-O-O Qf3 10. Rg1 Qxf2 11. Nb5 O-O 12. Nxc7 Rb8 13. Nb5 Rd8 14. Bg2 Qf6
15. Rdf1 Qe7 16. Bf3 Bd7 17. Bh5 Rf8 18. h4 a6 19. Nbc3 b5 20. Nd1 f5 21. exf5
exf5 22. Re1 Qf6 23. hxg5 hxg5 24. Bf3 Ne7 25. Rh1 Bc6 26. Bxc6 Nxc6 27. Rh5 f4
28. gxf4 gxf4 29. Nec3 Ne7 30. Qd3 Nf5 31. Nd5 Qf7 32. Rxf5 1-0

[Event "24. Torneo Colllado Villalba"]
[Site "Collado Villalba ESP"]
[Date "2007.08.24"]
[Round "2.20"]
[White "Cano Mercado, Francisco Manuel"]
[Black "De La Fuente Gonzalez, Francisco"]
[Result "0-1"]
[WhiteElo "1897"]
[BlackElo "2230"]
[PlyCount "58"]
[EventDate "2007.08.23"]
[EventType "swiss"]
[EventRounds "9"]
[EventCountry "ESP"]
[Source "lmi"]
[SourceDate "2007.08.23"]

1. d4 d5 2. c4 c6 3. Nc3 Nf6 4. Nf3 dxc4 5. a4 Bf5 6. e3 e6 7. Bxc4 Bb4 8. O-O
O-O 9. Ne5 Nbd7 10. Nd3 Bd6 11. f3 e5 12. dxe5 Bxd3 13. Bxd3 Nxe5 14. Be2 Bc5
15. Kh1 Qxd1 16. Rxd1 Rfd8 17. Bd2 Nd3 18. Bxd3 Rxd3 19. e4 Rad8 20. Bg5 h6 21.
Bh4 g5 22. Bg3 Nh5 23. Bc7 R8d7 24. Rxd3 Rxd3 25. Rd1 Nf4 26. Be5 a5 27. g3
Rxd1+ 28. Nxd1 Nd3 29. Kg2 Nxe5 0-1

[Event "24. Torneo Colllado Villalba"]
[Site "Collado Villalba ESP"]
[Date "2007.08.24"]
[Round "2.21"]
[White "Garcia Reino, Eduardo J"]
[Black "Pastor Alonso De Prado, Alberto"]
[Result "0-1"]
[WhiteElo "1889"]
[BlackElo "2183"]
[PlyCount "50"]
[EventDate "2007.08.23"]
[EventType "swiss"]
[EventRounds "9"]
[EventCountry "ESP"]
[Source "lmi"]
[SourceDate "2007.08.23"]

1. e4 e5 2. Nf3 Nc6 3. Bb5 Bc5 4. O-O Qf6 5. c3 Nge7 6. d3 a6 7. Ba4 h6 8. Be3
Ba7 9. Bxa7 Rxa7 10. d4 d6 11. h3 O-O 12. d5 Nb8 13. Nh2 Ng6 14. Nf3 Nf4 15. h4
Qg6 16. g3 f5 17. exf5 Bxf5 18. Kh2 Bg4 19. Nbd2 Qh5 20. Bc2 Nxd5 21. Bb3 c6
22. c4 Ne7 23. Ne4 Bxf3 24. Qxd6 Bxe4 25. Qxe7 Qf3 0-1

[Event "24. Torneo Colllado Villalba"]
[Site "Collado Villalba ESP"]
[Date "2007.08.24"]
[Round "2.22"]
[White "Prada Lopez, Miguel  Angel"]
[Black "Lopez Ayala, Pedro"]
[Result "1-0"]
[WhiteElo "2171"]
[BlackElo "2018"]
[PlyCount "49"]
[EventDate "2007.08.23"]
[EventType "swiss"]
[EventRounds "9"]
[EventCountry "ESP"]
[Source "lmi"]
[SourceDate "2007.08.23"]

1. Nf3 c5 2. g3 Nc6 3. Bg2 g6 4. O-O Bg7 5. d3 d6 6. e4 e5 7. c3 Nge7 8. a3 b5
9. b4 a5 10. Bb2 Qb6 11. Nbd2 axb4 12. axb4 Rxa1 13. Bxa1 cxb4 14. cxb4 Nxb4
15. Qb1 Nbc6 16. Nc4 Qb8 17. Qxb5 Qc7 18. Bb2 Be6 19. Qb7 Kd8 20. Qa6 Bxc4 21.
dxc4 Nc8 22. Ba3 Bf8 23. Rb1 Qa7 24. Qxc6 Qxa3 25. Rb8 1-0

[Event "24. Torneo Colllado Villalba"]
[Site "Collado Villalba ESP"]
[Date "2007.08.24"]
[Round "2.24"]
[White "Labarta Gonzalez-Villarino, Ivan"]
[Black "Aguado Rodriguez, Guillermo"]
[Result "1-0"]
[WhiteElo "2164"]
[BlackElo "1866"]
[PlyCount "53"]
[EventDate "2007.08.23"]
[EventType "swiss"]
[EventRounds "9"]
[EventCountry "ESP"]
[Source "lmi"]
[SourceDate "2007.08.23"]

1. d4 Nf6 2. Nc3 g6 3. e4 d6 4. Bg5 Bg7 5. e5 dxe5 6. dxe5 Qxd1+ 7. Rxd1 Nfd7
8. f4 c6 9. Nf3 f6 10. exf6 exf6 11. Bh4 O-O 12. Bc4+ Kh8 13. O-O Nb6 14. Bb3
Bg4 15. Ne4 Na6 16. Nd6 h6 17. Nxb7 Rab8 18. Na5 Nd5 19. Nxc6 Ne3 20. Nxb8 Rxb8
21. Rd6 Nc5 22. Bf2 Nxf1 23. Bxc5 Bf8 24. Kxf1 Rc8 25. Rxf6 Bxc5 26. Ne5 Bf5
27. Rc6 1-0

[Event "24. Torneo Colllado Villalba"]
[Site "Collado Villalba ESP"]
[Date "2007.08.24"]
[Round "2.26"]
[White "Ortega Morales, Pedro"]
[Black "Vazquez Igarza, Renier"]
[Result "0-1"]
[WhiteElo "1976"]
[BlackElo "2553"]
[PlyCount "67"]
[EventDate "2007.08.23"]
[EventType "swiss"]
[EventRounds "9"]
[EventCountry "ESP"]
[Source "lmi"]
[SourceDate "2007.08.23"]

1. d4 Nf6 2. Nf3 e6 3. Bf4 b6 4. Nbd2 Bb7 5. e3 Bd6 6. Bxd6 cxd6 7. Bd3 d5 8.
c3 O-O 9. O-O Ne4 10. Bxe4 dxe4 11. Ne1 f5 12. f4 exf3 13. Nexf3 Nc6 14. e4 Ne7
15. Qc2 Ng6 16. Rae1 Qc7 17. exf5 Rxf5 18. Ne4 Raf8 19. b3 Rf4 20. Qd3 Rxe4 21.
Rxe4 Bxe4 22. Qxe4 Qxc3 23. Qe1 Qd3 24. Qc1 Nf4 25. Qc4 Ne2+ 26. Kf2 Qxc4 27.
bxc4 Nxd4 28. Rd1 Nxf3 29. gxf3 Rd8 30. Ke3 Kf7 31. f4 Ke7 32. Ke4 Rc8 33. Kd4
Rc5 34. Rd2 0-1

[Event "24. Torneo Colllado Villalba"]
[Site "Collado Villalba ESP"]
[Date "2007.08.24"]
[Round "2.27"]
[White "Alcoz Coll, Gonzalo"]
[Black "Safranska, Anda"]
[Result "0-1"]
[WhiteElo "1920"]
[BlackElo "2301"]
[PlyCount "58"]
[EventDate "2007.08.23"]
[EventType "swiss"]
[EventRounds "9"]
[EventCountry "ESP"]
[Source "lmi"]
[SourceDate "2007.08.23"]

1. e4 g6 2. d4 Bg7 3. Nc3 c6 4. Be3 d6 5. Qd2 b5 6. h4 h5 7. Nh3 Qc7 8. f3 Nd7
9. a4 b4 10. Ne2 a5 11. c3 bxc3 12. bxc3 Ngf6 13. Ng5 e5 14. Nc1 O-O 15. Bd3 d5
16. Qf2 dxe4 17. Nxe4 Nd5 18. Bd2 exd4 19. cxd4 c5 20. Nb3 cxd4 21. Rc1 Qb6 22.
Bb5 Ne5 23. Nec5 d3 24. f4 Ng4 25. Qf3 Be6 26. Qxd3 Rfd8 27. Nxe6 Qf2+ 28. Kd1
Nge3+ 29. Bxe3 Nxe3# 0-1